Energy and environment

Wedi'i Gadw mewn:
Manylion Llyfryddiaeth
Prif Awdur: Wyzga, R. R.
Fformat: Llyfr
Iaith:Undetermined
Cyhoeddwyd: Paris Organisation for economic co-operation and development 1974
Pynciau:
Tagiau: Ychwanegu Tag
Dim Tagiau, Byddwch y cyntaf i dagio'r cofnod hwn!
Thư viện lưu trữ: Trung tâm Học liệu Trường Đại học Cần Thơ
LEADER 00500nam a2200181Ia 4500
001 CTU_80773
008 210402s9999 xx 000 0 und d
082 |a 621.4 
082 |b W998 
100 |a Wyzga, R. R. 
245 0 |a Energy and environment 
245 0 |c R. R. Wyzga 
260 |a Paris 
260 |b Organisation for economic co-operation and development 
260 |c 1974 
650 |a Force and energy 
904 |i Trọng Hải 
980 |a Trung tâm Học liệu Trường Đại học Cần Thơ